Illustrated 2006 building code handbook / (Record no. 2894)
[ view plain ]
| 000 -LEADER | |
|---|---|
| fixed length control field | 00819nac a22002291u 4500 |
| 010 ## - LIBRARY OF CONGRESS CONTROL NUMBER | |
| LC control number | 013454412 |
| 020 ## - INTERNATIONAL STANDARD BOOK NUMBER | |
| International Standard Book Number | 0071457992 (hbk.) |
| 028 ## - PUBLISHER NUMBER | |
| Source | www.bl.uk |
| 082 ## - DEWEY DECIMAL CLASSIFICATION NUMBER | |
| Classification number | 690.0218 |
| Item number | P2773 |
| 090 ## - LOCALLY ASSIGNED LC-TYPE CALL NUMBER (OCLC); LOCAL CALL NUMBER (OCLC) | |
| -- | 2894 |
| -- | 2894 |
| 100 ## - MAIN ENTRY--PERSONAL NAME | |
| Personal name | Patterson, Terry L. |
| 245 ## - TITLE STATEMENT | |
| Title | Illustrated 2006 building code handbook / |
| Statement of responsibility, etc | Terry L. Patterson. |
| 260 ## - PUBLICATION, DISTRIBUTION, ETC. (IMPRINT) | |
| Place of publication, distribution, etc | New York ; London : 2007. |
| Name of publisher, distributor, etc | McGraw-Hill |
| Date of publication, distribution, etc | c.2007 |
| 300 ## - PHYSICAL DESCRIPTION | |
| Extent | lvii, 1116 p. : |
| Other physical details | ill. ; |
| Dimensions | 25 cm. |
| 500 ## - GENERAL NOTE | |
| General note | Formerly CIP. Uk |
| 504 ## - BIBLIOGRAPHY, ETC. NOTE | |
| Bibliography, etc | Includes index. |
| 650 ## - SUBJECT ADDED ENTRY--TOPICAL TERM | |
| Topical term or geographic name as entry element | Buildings -- Standards. |
| 650 ## - SUBJECT ADDED ENTRY--TOPICAL TERM | |
| Topical term or geographic name as entry element | Standards, Engineering. |
| 700 ## - ADDED ENTRY--PERSONAL NAME | |
| Personal name | Patterson, Terry L. |
| 942 ## - ADDED ENTRY ELEMENTS (KOHA) | |
| Item type | Book - Borrowing |
| Call number prefix | 690.0218P2773 |
| Withdrawn status | Item status | Damaged status | Not for loan | Home library | Current library | Shelving location | Date acquired | Source of acquisition | Total Checkouts | Total Renewals | Full call number | Barcode | Date last seen | Date last borrowed | Koha item type |
|---|---|---|---|---|---|---|---|---|---|---|---|---|---|---|---|
| Central Library | Central Library | First floor | 07/03/2008 | Purchase | 5 | 6 | 690.0218 PAT | 000001364 | 15/07/2025 | 02/12/2014 | Book - Borrowing |